Catálogo público

Patología vegetal / (Record no. 198730)

MARC details
000 -CABECERA
campo de control de longitud fija 01023nam a2200313Ia 4500
001 - NÚMERO DE CONTROL
campo de control Para_1488
003 - IDENTIFICADOR DEL NÚMERO DE CONTROL
campo de control CHAP
008 - DATOS DE LONGITUD FIJA--INFORMACIÓN GENERAL
campo de control de longitud fija 220125s2000 xx 000 0 und d
010 ## - NÚMERO DE CONTROL DE LA BIBLIOTECA DEL CONGRESO
Número de control de LC 198730
040 ## - FUENTE DE LA CATALOGACIÓN
Centro/agencia transcriptor CHAP
082 ## - NÚMERO DE LA CLASIFICACIÓN DECIMAL DEWEY
Número de clasificación PA 632 L5
100 ## - ENTRADA PRINCIPAL--NOMBRE DE PERSONA
Nombre de persona Llácer, G., ed.
9 (RLIN) 164027
245 ## - MENCIÓN DE TÍTULO
Título Patología vegetal /
Mención de responsabilidad, etc. ed. por G. Llácer [y otros)
250 ## - MENCIÓN DE EDICIÓN
Mención de edición 2a.
260 ## - PUBLICACIÓN, DISTRIBUCIÓN, ETC.
Lugar de publicación, distribución, etc. México, D.F. :
Nombre del editor, distribuidor, etc. Mundiprensa
300 ## - DESCRIPCIÓN FÍSICA
Extensión v.
503 ## - NOTA DE HISTORIA BIBLIOGRÁFICA (BK CF MU) [OBSOLETO]
Nota de historia bibliográfica I.240613 (t.1, ej.3) (t.2, ej.2) \ I.234772 (t.1, ej.3) (t.2, ej.2) \ I.234773 (t.2, ej.4) (t.1, ej.4)
505 ## - NOTA DE CONTENIDO CON FORMATO
Nota de contenido con formato Contenido: t.1 introducción, virología, micoplasmología y bacteriología-- t. 2. micología, plantas parásitas, nematología
650 ## - PUNTO DE ACCESO ADICIONAL DE MATERIA--TÉRMINO DE MATERIA
Término de materia o nombre geográfico como elemento de entrada Bacteriología agrícola
9 (RLIN) 9337
650 ## - PUNTO DE ACCESO ADICIONAL DE MATERIA--TÉRMINO DE MATERIA
Término de materia o nombre geográfico como elemento de entrada Fitopatología
9 (RLIN) 41161
650 ## - PUNTO DE ACCESO ADICIONAL DE MATERIA--TÉRMINO DE MATERIA
Término de materia o nombre geográfico como elemento de entrada Nemátodos parásitos de plantas
9 (RLIN) 80835
901 ## - ELEMENTOS DE DATOS A LOCAL LDA (RLIN)
a PA 632 L5
902 ## - ELEMENTOS DE DATOS B LOCAL, LDB (RLIN)
a M
905 ## - ELEMENTOS DE DATOS E LOCAL, LDE (RLIN)
a 0000002000 adi 0000000000 00
910 ## - DATOS DE OPCIÓN DEL USUARIO (OCLC)
Datos de opción del usuario 2000
942 ## - ELEMENTOS DE PUNTO DE ACCESO ADICIONAL (KOHA)
Tipo de ítem Koha Parasitologia_
942 ## - ELEMENTOS DE PUNTO DE ACCESO ADICIONAL (KOHA)
Tipo de ítem Koha Parasitologia_
-- 1
Holdings
Estado de retiro Estado de pérdida Fuente del sistema de clasificación o colocación Estado dañado Restricciones de uso No para préstamo Código de colección Localización permanente Ubicación/localización actual Fecha de adquisición Número de inventario Total de préstamos Signatura topográfica completa Código de barras Fecha visto por última vez Fecha del último préstamo Número de copia Precio válido a partir de Tipo de ítem Koha Nota pública Renovaciones totales
    Dewey Decimal Classification   Préstamo 3 días   General Parasitologia Agricola Parasitologia Agricola 15/02/2011 (PA_09550) (No. UACh 248270) 1 PA 632 L5 4102001811 29/10/2024 25/10/2024 T.2 Ej.5 25/01/2022 Libro 3  
    Dewey Decimal Classification   Préstamo interno   General Parasitologia Agricola Parasitologia Agricola 27/10/2005 (PA_7677) (No. UACh 211624)   PA 632 L5 4102001802 25/01/2022   T.1 Ej.1 25/01/2022 Libro 3  
    Dewey Decimal Classification   Préstamo interno   General Parasitologia Agricola Parasitologia Agricola 27/10/2005 (PA_5532) (No. UACh 211624)   PA 632 L5 4102001803 25/01/2022   T.2 Ej.1 25/01/2022 Libro 3  
    Dewey Decimal Classification   Préstamo 3 días   General Parasitologia Agricola Parasitologia Agricola 03/10/2007 (PA_09195) (No. UACh 234772)   PA 632 L5 4102001804 25/01/2022   T.1 Ej.2 25/01/2022 Libro 3  
    Dewey Decimal Classification   Préstamo 3 días   General Parasitologia Agricola Parasitologia Agricola 03/10/2007 (PA_09196) (No. UACh 234773)   PA 632 L5 4102001805 25/01/2022   T.2 Ej.2 25/01/2022 Libro 3  
    Dewey Decimal Classification   Préstamo 3 días   General Parasitologia Agricola Parasitologia Agricola 03/10/2007 (PA_09197) (No. UACh 234773)   PA 632 L5 4102001806 25/01/2022   T.1 Ej.3 25/01/2022 Libro 3  
    Dewey Decimal Classification   Préstamo 3 días   General Parasitologia Agricola Parasitologia Agricola 03/10/2007 (PA_09198) (No. UACh 234772) 2 PA 632 L5 4102001807 13/11/2023 06/11/2023 T.2 Ej.3 25/01/2022 Libro 3  
    Dewey Decimal Classification   Préstamo 3 días   General Parasitologia Agricola Parasitologia Agricola 03/10/2008 (PA_09330) (No. UACh 240613)   PA 632 L5 4102001808 25/01/2022   T.1 Ej.4 25/01/2022 Libro 3  
    Dewey Decimal Classification   Préstamo 3 días   General Parasitologia Agricola Parasitologia Agricola 03/10/2008 (PA_09331) (No. UACh 240613) 2 PA 632 L5 4102001809 21/02/2025 18/02/2025 T.2 Ej.4 25/01/2022 Libro 3 2
    Dewey Decimal Classification   Préstamo 3 días   General Parasitologia Agricola Parasitologia Agricola 15/02/2011 (PA_09549) (No. UACh 248270)   PA 632 L5 4102001810 25/01/2022   T.1 Ej.5 25/01/2022 Libro 3